header

Environmental planning and management (EPM) source book. (Record no. 263581)

MARC details
000 -LEADER
fixed length control field 00609nam a22001817a 4500
003 - CONTROL NUMBER IDENTIFIER
control field OSt
005 - DATE AND TIME OF LATEST TRANSACTION
control field 20240507133726.0
008 - FIXED-LENGTH DATA ELEMENTS--GENERAL INFORMATION
fixed length control field 240507b xxu||||| |||| 00| 0 eng d
010 ## - LIBRARY OF CONGRESS CONTROL NUMBER
LC control number 99183706
020 ## - INTERNATIONAL STANDARD BOOK NUMBER
International Standard Book Number 9211313287 (v. 3)
040 ## - CATALOGING SOURCE
Transcribing agency DLC
050 ## - LIBRARY OF CONGRESS CALL NUMBER
Classification number HT241
Item number .E58 1997
245 ## - TITLE STATEMENT
Title Environmental planning and management (EPM) source book.
260 ## - PUBLICATION, DISTRIBUTION, ETC. (IMPRINT)
Place of publication, distribution, etc Nairobi, Kenya :
Name of publisher, distributor, etc United Nations Centre for Human Settlements :
-- United Nations Environment Programme,
Date of publication, distribution, etc c1997.
300 ## - PHYSICAL DESCRIPTION
Extent 3 v. :
Other physical details ill. (some col.) ;
Dimensions 25 cm.
500 ## - GENERAL NOTE
General note The urban environment forum directory.
942 ## - ADDED ENTRY ELEMENTS (KOHA)
Source of classification or shelving scheme Library of Congress Classification
Koha item type Long Loan Books
Holdings
Withdrawn status Lost status Source of classification or shelving scheme Damaged status Not for loan Collection code Home library Current library Shelving location Date acquired Total Checkouts Full call number Barcode Date last seen Price effective from Koha item type
    Library of Congress Classification     Non-fiction Rongo University Library Rongo University Library General Stacks 07/05/2024   HT241 .E58 1997 202400851 07/05/2024 07/05/2024 Long Loan Books

© 2026 Rongo University
Contact us: librarian | system librarian | Rongo university